Statistics for Roger Federer - Final opponents for each title

Click here to take the quiz!

General Stats

  • This quiz has been taken 362 times
  • The average score is 47 of 103

Answer Stats

TournamentOpponentโ€™s CountryAnswer% Correct
Cincinnati Masters, USA - Aug 2015Serbia ๐Ÿ‡ท๐Ÿ‡ธNovak Djokovic
99%
Swiss Indoors, Switzerland - Nov 2010Serbia ๐Ÿ‡ท๐Ÿ‡ธNovak Djokovic
99%
Cincinnati Masters - Aug 2009Serbia ๐Ÿ‡ท๐Ÿ‡ธNovak Djokovic
99%
US Open, USA - Sep 2007Serbia ๐Ÿ‡ท๐Ÿ‡ธNovak Djokovic
99%
Dubai Championships, UAE - Feb 2015Serbia ๐Ÿ‡ท๐Ÿ‡ธNovak Djokovic
99%
Cincinnati Masters, USA - Aug 2012Serbia ๐Ÿ‡ท๐Ÿ‡ธNovak Djokovic
99%
Australian Open. Australia - Jan 2017Spain ๐Ÿ‡ช๐Ÿ‡ธRafael Nadal
99%
Miami Masters, USA - Apr 2017Spain ๐Ÿ‡ช๐Ÿ‡ธRafael Nadal
99%
Madrid Masters, Spain - May 2009Spain ๐Ÿ‡ช๐Ÿ‡ธRafael Nadal
99%
Wimbledon, UK - Jul 2007Spain ๐Ÿ‡ช๐Ÿ‡ธRafael Nadal
99%
German Masters, Germany - May 2007Spain ๐Ÿ‡ช๐Ÿ‡ธRafael Nadal
99%
Shanghai Masters, China - Oct 2017Spain ๐Ÿ‡ช๐Ÿ‡ธRafael Nadal
99%
Swiss Indoors, Switzerland - Oct 2015Spain ๐Ÿ‡ช๐Ÿ‡ธRafael Nadal
99%
Wimbledon, UK - July 2006Spain ๐Ÿ‡ช๐Ÿ‡ธRafael Nadal
99%
Miami Masters, USA - Apr 2005Spain ๐Ÿ‡ช๐Ÿ‡ธRafael Nadal
99%
ATP Finals, UK - Nov 2010Spain ๐Ÿ‡ช๐Ÿ‡ธRafael Nadal
99%
Wimbledon, UK - Jul 2012United Kingdom ๐Ÿ‡ฌ๐Ÿ‡งAndy Murray
92%
Dubai Championships, UAE - Mar 2012United Kingdom ๐Ÿ‡ฌ๐Ÿ‡งAndy Murray
92%
US Open, USA - Sept 2008United Kingdom ๐Ÿ‡ฌ๐Ÿ‡งAndy Murray
92%
Thailand Open, Thailand - Oct 2005United Kingdom ๐Ÿ‡ฌ๐Ÿ‡งAndy Murray
92%
Australian Open, Australia - Jan 2010United Kingdom ๐Ÿ‡ฌ๐Ÿ‡งAndy Murray
92%
ATP Tour Finals - Nov 2003USA ๐Ÿ‡บ๐Ÿ‡ธAndre Agassi
67%
US Open, USA - Sep 2005USA ๐Ÿ‡บ๐Ÿ‡ธAndre Agassi
67%
Rotterdam Open, Netherlands - Feb 2012Argentina ๐Ÿ‡ฆ๐Ÿ‡ทJuan Martin del Potro
66%
Swiss Indoors, Switzerland - Oct 2017Argentina ๐Ÿ‡ฆ๐Ÿ‡ทJuan Martin del Potro
66%
Indian Wells Masters, USA - Mar 2017Switzerland๐Ÿ‡จ๐Ÿ‡ญStan Wawrinka
65%
Cincinnati Masters, USA - Aug 2005USA ๐Ÿ‡บ๐Ÿ‡ธAndy Roddick
64%
US Open, USA - Sept 2006USA ๐Ÿ‡บ๐Ÿ‡ธAndy Roddick
64%
Wimbledon, UK - Jul 2004USA ๐Ÿ‡บ๐Ÿ‡ธAndy Roddick
64%
Wimbledon, UK - Jul 2005USA ๐Ÿ‡บ๐Ÿ‡ธAndy Roddick
64%
Thailand Open, Thailand - Oct 2004USA ๐Ÿ‡บ๐Ÿ‡ธAndy Roddick
64%
Canadian Masters, Canada - Aug 2004USA ๐Ÿ‡บ๐Ÿ‡ธAndy Roddick
64%
Wimbledon, UK - Jul 2009USA ๐Ÿ‡บ๐Ÿ‡ธAndy Roddick
64%
US Open - USA - Sep 2005Australia ๐Ÿ‡ฆ๐Ÿ‡บLleyton Hewitt
62%
Indian Wells Masters, USA - Mar 2005Australia ๐Ÿ‡ฆ๐Ÿ‡บLleyton Hewitt
62%
ATP Tour Finals, USA - Nov 2004Australia ๐Ÿ‡ฆ๐Ÿ‡บLleyton Hewitt
62%
Wimbledon, UK - Jul 2017Croatia ๐Ÿ‡ญ๐Ÿ‡ทMarin ฤŒiliฤ‡
54%
Australian Open, Australia - Jan 2018Croatia ๐Ÿ‡ญ๐Ÿ‡ทMarin ฤ†iliฤ‡
54%
Dubai Championships, UAE - Mar 2019Greece ๐Ÿ‡ฌ๐Ÿ‡ทStefanos Tsitsipas
54%
Cincinnati Masters, USA - Aug 2014Spain ๐Ÿ‡ช๐Ÿ‡ธDavid Ferrer
51%
ATP Tour Finals, China - Nov 2007Spain ๐Ÿ‡ช๐Ÿ‡ธDavid Ferrer
51%
Halle Open, Germany - Jun 2017Germany ๐Ÿ‡ฉ๐Ÿ‡ชAlexander Zverev
50%
Paris Masters, France - Nov 2011France ๐Ÿ‡ซ๐Ÿ‡ทJo-Wilfried Tsonga
50%
ATP Tour Finals, UK - Nov 2011France ๐Ÿ‡ซ๐Ÿ‡ทJo-Wilfried Tsonga
50%
Australian Open, Australia - Feb 2004Russia ๐Ÿ‡ท๐Ÿ‡บMarat Safin
50%
Halle Open, Germany - Jun 2005Russia ๐Ÿ‡ท๐Ÿ‡บMarat Safin
50%
German Masters, Germany - May 2002Croatia ๐Ÿ‡ญ๐Ÿ‡ทMarat Safin
50%
Rotterdam Open, Netherlands - Feb 2018Bulgaria ๐Ÿ‡ง๐Ÿ‡ฌGrigor Dimitrov
40%
Brisbane International, Australia - Jan 2015Canada ๐Ÿ‡จ๐Ÿ‡ฆMilos Raonic
40%
Stuttgart Open, Germany - Jun 2018Canada ๐Ÿ‡จ๐Ÿ‡ฆMilos Raonic
40%
Qatar Open, Qatar - Jan 2006France ๐Ÿ‡ซ๐Ÿ‡ทGaรซl Monfils
39%
Swiss Indoors, Switzerland - Nov 2011Japan ๐Ÿ‡ฏ๐Ÿ‡ตKei Nishikori
37%
Indian Wells Masters, USA - Mar 2004United Kingdom ๐Ÿ‡ฌ๐Ÿ‡งTim Henman
35%
Japan Open, Japan - Oct 2006United Kingdom ๐Ÿ‡ฌ๐Ÿ‡งTim Henman
35%
Swiss Indoors, Switzerland, Oct 2014Belgium ๐Ÿ‡ง๐Ÿ‡ชDavid Goffin
32%
Halle Open, Germany - Jun 2019Belgium ๐Ÿ‡ง๐Ÿ‡ชDavid Goffin
32%
Swiss Indoors, Switzerland - Oct 2008Argentina ๐Ÿ‡ฆ๐Ÿ‡ทDavid Nalbandian
32%
Indian Wells Masters, USA - Mar 2012USA ๐Ÿ‡บ๐Ÿ‡ธJohn Isner
32%
Miami Masters, USA - Apr 2019USA ๐Ÿ‡บ๐Ÿ‡ธJohn Isner
32%
Madrid Masters, Spain - May 2012Czech Republic ๐Ÿ‡จ๐Ÿ‡ฟTomรกลก Berdych
31%
Halle Open, Germany - Jun 2006Czech Republic ๐Ÿ‡จ๐Ÿ‡ฟTomรกลก Berdych
31%
Dubai Championships, UAE - Mar 2014Czech Republic ๐Ÿ‡จ๐Ÿ‡ฟTomรกลก Berdych
31%
Australian Open, Australia - Jan 2006Cyprus ๐Ÿ‡จ๐Ÿ‡พMarcos Baghdatis
29%
Roland Garros, France - Jun 2009Sweden ๐Ÿ‡ธ๐Ÿ‡ชRobin Sรถderling
29%
Canadian Masters, Canada - Aug 2006France ๐Ÿ‡ซ๐Ÿ‡ทRichard Gasquet
28%
German Masters, Germany - May 2005France ๐Ÿ‡ซ๐Ÿ‡ทRichard Gasquet
28%
Swiss Indoors, Switzerland - Oct 2019Australia ๐Ÿ‡ฆ๐Ÿ‡บAlex de Minaur
27%
Indian Wells Masters, USA - Mar 2006USA ๐Ÿ‡บ๐Ÿ‡ธJames Blake
23%
Cincinnati Masters, USA - Aug 2007USA ๐Ÿ‡บ๐Ÿ‡ธJames Blake
23%
ATP Tour Finals, China - Nov 2006USA ๐Ÿ‡บ๐Ÿ‡ธJames Blake
23%
Qatar Open, Qatar - Jan 2011Russia ๐Ÿ‡ท๐Ÿ‡บNikolay Davydenko
23%
Portugal Open, Portugal - Apr 2008Russia ๐Ÿ‡ท๐Ÿ‡บNikolay Davydenko
23%
Vienna Open, Austria - Oct 2003Spain ๐Ÿ‡ช๐Ÿ‡ธCarlos Moyร 
21%
Halle Open - Germany - June 2004USA ๐Ÿ‡บ๐Ÿ‡ธMardy Fish
20%
Cincinnati Masters, USA - Aug 2010USA ๐Ÿ‡บ๐Ÿ‡ธMardy Fish
20%
Swiss Indoors, Switzerland - Oct 2006Chile ๐Ÿ‡จ๐Ÿ‡ฑFernando Gonzรกlez
19%
Australian Open, Australia - Jan 2007Chile ๐Ÿ‡จ๐Ÿ‡ฑFernando Gonzรกlez
19%
Madrid Masters, Spain - Oct 2006Chile ๐Ÿ‡จ๐Ÿ‡ฑFernando Gonzรกlez
19%
Wimbledon, UK - July 2003Australia ๐Ÿ‡ฆ๐Ÿ‡บMark Philippousis
18%
Dubai Championships, UAE - Feb 2005Croatia ๐Ÿ‡ญ๐Ÿ‡ทIvan Ljubiฤiฤ‡
16%
Miami Masters, USA - April 2006Croatia ๐Ÿ‡ญ๐Ÿ‡ทIvan Ljubiฤiฤ‡
16%
Qatar Open, Qatar - Jan 2005Croatia ๐Ÿ‡ญ๐Ÿ‡ทIvan Ljubiฤiฤ‡
16%
Rotterdam Open, Netherlands - Feb 2005Croatia ๐Ÿ‡ญ๐Ÿ‡ทIvan Ljubiฤiฤ‡
16%
Shanghai Masters, China - Oct 2014France ๐Ÿ‡ซ๐Ÿ‡ทGilles Simon
15%
German Masters, Germany - May 2004Argentina ๐Ÿ‡ฆ๐Ÿ‡ทGuillermo Coria
13%
Halle Open, Germany - Jun 2015Italy ๐Ÿ‡ฎ๐Ÿ‡นAndreas Seppi
12%
Istanbul Open, Turkey - May 2015Uruguay ๐Ÿ‡บ๐Ÿ‡พPablo Cuevas
12%
Swiss Indoors, Switzerland - Oct 2007Finland ๐Ÿ‡ซ๐Ÿ‡ฎJarkko Nieminen
11%
Bavarian Championships, Germany - May 2003Finland ๐Ÿ‡ซ๐Ÿ‡ฎJarkko Nieminen
11%
Halle Open, Germany - Jun 2013Russia ๐Ÿ‡ท๐Ÿ‡บMikhail Youzhny
10%
Dubai Championships, UAE - Mar 2007Russia ๐Ÿ‡ท๐Ÿ‡บMikhail Youzhny
10%
Dubai Championships, UAE - Mar 2004Spain ๐Ÿ‡ช๐Ÿ‡ธFeliciano Lopez
9%
Halle Open, Germany - Jun 2008Germany ๐Ÿ‡ฉ๐Ÿ‡ชPhilipp Kohlschreiber
9%
Swiss Indoors, Switzerland- Oct 2018Romania ๐Ÿ‡ท๐Ÿ‡ดMarius Copil
6%
Halle Open, Germany, Jun 2014Colombia ๐Ÿ‡จ๐Ÿ‡ดAlejandro Falla
5%
Stockholm Open, Sweden - Oct 2010Germany ๐Ÿ‡ฉ๐Ÿ‡ชFlorian Mayer
5%
Marseille Open, France - Feb 2003Sweden ๐Ÿ‡ธ๐Ÿ‡ชJonas Bjรถrkman
5%
Dubai Championships, UAE - Mar 2003Czech Republic ๐Ÿ‡จ๐Ÿ‡ฟJiล™รญ Novรกk
4%
Vienna Open, Austria - Oct 2002Czech Republic ๐Ÿ‡จ๐Ÿ‡ฟJiล™รญ Novรกk
4%
Sydney International, Australia - Jan 2002Argentina ๐Ÿ‡ฆ๐Ÿ‡ทJuan Ignacio Chela
4%
Halle Open, Germany - June 2003Germany ๐Ÿ‡ฉ๐Ÿ‡ชNicholas Kiefer
4%
Swiss Open, Switzerland- Jul 2004Russia ๐Ÿ‡ท๐Ÿ‡บIgor Andreev
3%
Milan Indoor, Italy - Feb 2001France ๐Ÿ‡ซ๐Ÿ‡ทJulien Boutter
3%

Score Distribution

Percentile by Number Answered

Percent of People with Each Score

Your Score History

You have not taken this quiz